000 00515nam a2200157 4500
999 _c80300
_d80300
008 201207b ||||| |||| 00| 0 eng d
040 _aISIL EINTRAGEN
_bger
_cSTAFF
_erda
041 _ager
100 _aStrauch, Dietmar
245 _aKonrad Wachsmann - vom Holzhaus zum konstruktiven Bauen
773 _dBerlin: Die Mark Brandenburg - Verlag für Regional- und Zeitgeschichte
_g(2019) Heft 114, S. 20-23
_tDie Mark Brandenburg
942 _cA